| 000 | 01998nam0a2200433 i 4500 | ||
|---|---|---|---|
| 001 | RU\NLR\BIBL_A\010021070 | ||
| 005 | 20260408081300.0 | ||
| 010 |
_a9785906535474 _9500 |
||
| 021 |
_aRU _b2013-94286 _96537 |
||
| 035 | _a(NILC)RuMoRGB-006701953 | ||
| 035 | _a(NLR Aleph) 010021070 | ||
| 090 |
_a9901592 _c9901592 |
||
| 100 | _a20140114d2013 k y0rusy50 ca | ||
| 101 | 0 | _arus | |
| 102 | _aRU | ||
| 105 | _aa|||||||||||| | ||
| 200 | 1 |
_aВозрастная и педагогическая психология: механизмы и условия психического развития формирования личности _eмонография _f[Л.В. Андреева, Н.Г Брюхова, Е.В. Кочетовская и др.] _gЦентр развития науч. сотрудничества |
|
| 210 |
_aНовосибирск _cЦРНС _d2013 |
||
| 215 |
_a168 с. _cил. _d20 |
||
| 300 | _aАвт. указаны на обороте тит. л. | ||
| 320 | _aБиблиогр. в конце гл. | ||
| 606 |
_aПедагогическая психология _91006945 _3RU\NLR\auth\6665004 |
||
| 606 |
_aВозрастная психология _92084978 _3RU\NLR\auth\661261081 |
||
| 610 | 0 | _aподростки | |
| 675 | _a159.922.6 | ||
| 675 | _a37.015.3 | ||
| 686 | 1 | _aЮ984.0 | |
| 686 | 1 | _aЮ983.4 | |
| 686 | 1 | _aЮ937.4 | |
| 701 | 1 |
_8rus _7ca _aАндреева _bЛ. В. _cканд. психол. наук _gЛариса Валентиновна _3RU\NLR\AUTH\77117113 _9100038 |
|
| 701 | 1 |
_aБрюхова _bН.Г. _gНаталья Геннадиевна |
|
| 701 | 1 |
_aКочетовкая _bЕ.В. _gЕлена Валерьевна |
|
| 712 | 0 | 2 |
_4570 _aЦентр развития научного сотрудничества _cНовосибирск _3RU\NLR\AUTH\8810119562 _9737708 |
| 801 | 0 |
_aRU _bRuMoRKP _c20131121 _gRCR |
|
| 801 | 2 |
_aRU _bРГБ _c20131211 _grcr |
|
| 942 | _cBOOK | ||
| 980 | _aNBR | ||